Podpora inovačného prostredia v období hodpodárskej krízy
Vytvorenie stabilných predpokladov pre hospodársky rast je v súčasnom období globálnej hospodárskej krízy prioritou všetkých ekonomických subjektov. Inovačné stratégie ako prostriedok boja proti hospodárskej kríze. Fínsko ako pozitívny príklad zdolávania krízy prostredníctvom inovácií. Podpora pro-i...
Gespeichert in:
| 1. Verfasser: | |
|---|---|
| Format: | Buchkapitel |
| Sprache: | Slowakisch |
| Schlagworte: | |
| Tags: |
Keine Tags, Fügen Sie das erste Tag hinzu!
|
MARC
| LEADER | 00000nla$a2200000$$$4500 | ||
|---|---|---|---|
| 001 | 0120609 | ||
| 005 | 20240605121518.2 | ||
| 041 | 0 | |a slo | |
| 044 | |a SK | ||
| 245 | 1 | 0 | |a Podpora inovačného prostredia v období hodpodárskej krízy |c Dorota Lattová |
| 520 | |a Vytvorenie stabilných predpokladov pre hospodársky rast je v súčasnom období globálnej hospodárskej krízy prioritou všetkých ekonomických subjektov. Inovačné stratégie ako prostriedok boja proti hospodárskej kríze. Fínsko ako pozitívny príklad zdolávania krízy prostredníctvom inovácií. Podpora pro-inovačného prostredia na Slovensku. | ||
| 610 | 2 | 0 | |a Slovensko |
| 610 | 2 | 0 | |a Fínsko |
| 610 | 2 | 0 | |a kríza hospodárska |
| 610 | 2 | 0 | |a politika hospodárska |
| 610 | 2 | 0 | |a stratégia inovačná |
| 610 | 2 | 0 | |a nástroje ekonomické |
| 610 | 2 | 0 | |a rast hospodársky |
| 610 | 2 | 0 | |a diverzifikácia |
| 610 | 2 | 0 | |a výskum |
| 610 | 2 | 0 | |a vývoj |
| 610 | 2 | 0 | |a efektívnosť inovácií |
| 100 | 1 | |a Lattová, Dorota | |